<?xml version="1.0" encoding="UTF-8"?>
<collection xmlns="http://www.loc.gov/MARC21/slim">
<record>
  <controlfield tag="001">111501</controlfield>
  <controlfield tag="005">20220309093120.0</controlfield>
  <datafield tag="037" ind1=" " ind2=" ">
    <subfield code="a">TAZ-TFG-2019-1010</subfield>
  </datafield>
  <datafield tag="041" ind1=" " ind2=" ">
    <subfield code="a">spa</subfield>
  </datafield>
  <datafield tag="100" ind1="1" ind2=" ">
    <subfield code="a">Gómez Cifuentes, David Augusto</subfield>
  </datafield>
  <datafield tag="242" ind1="0" ind2="0">
    <subfield code="a">Tauopathies: Neurodegenerative diseases associated with misfolded proteins</subfield>
  </datafield>
  <datafield tag="245" ind1="0" ind2="0">
    <subfield code="a">TAUPATÍAS: ENFERMEDADES NEURODEGENERATIVAS ASOCIADAS A PROTEÍNAS MAL PLEGADAS</subfield>
  </datafield>
  <datafield tag="260" ind1=" " ind2=" ">
    <subfield code="a">Zaragoza</subfield>
    <subfield code="b">Universidad de Zaragoza</subfield>
    <subfield code="c">2019</subfield>
  </datafield>
  <datafield tag="506" ind1=" " ind2=" ">
    <subfield code="a">by-nc-sa</subfield>
    <subfield code="b">Creative Commons</subfield>
    <subfield code="c">3.0</subfield>
    <subfield code="u">http://creativecommons.org/licenses/by-nc-sa/3.0/</subfield>
  </datafield>
  <datafield tag="520" ind1=" " ind2=" ">
    <subfield code="a">En este trabajo se plantea realizar una revisión bibliográfica de las enfermedades neurodegenerativas asociadas al mal plegamiento de la proteína Tau. Estas enfermedades se denominan taupatías, y abarcan un grupo heterogéneo de trastornos que comparten una característica patológica común, depósitos de proteína Tau en sistema nervioso central (SNC). Se clasifican en dos grandes grupos, primarias y secundarias, según que proteína o proteínas son las causantes de la enfermedad neurodegenerativa presente. De forma general, son trastornos neurodegenerativos caracterizados clínicamente por demencia y/o síndromes motores, que presentan histológicamente unas lesiones específicas denominadas ovillos neurofibrilares (NFT) en diversas regiones del cerebro. La NFT consiste en acumulaciones intracelulares de filamentos anormales de Proteína Tau asociada a los microtúbulos en un estado hiperfosforilado. El propósito principal del presente trabajo es, exponer y comparar las diferentes taupatías, primordialmente, en relación con sus mecanismos patogénicos, la epidemiologia, las presentaciones clínicas y su diagnostico. Por ultimo, se ha realizado un revisión en profundidad de las diferentes aproximaciones y dianas terapéuticas que se están desarrollando actualmente para este tipo de enfermedades. Hoy en día se sigue investigando la patogenia de las diversas taupatías puesto que aún se desconoce mucho sobre estas patologías, tanto primarias como secundarias. Además de la necesidad de una investigación básica para saber cómo poder diagnosticar más eficaz y prontamente estas enfermedades, también es necesario el desarrollo de protocolos de diagnóstico clínico más apropiados para las personas que desarrollen estas enfermedades neurodegenerativas.&lt;br /></subfield>
  </datafield>
  <datafield tag="521" ind1=" " ind2=" ">
    <subfield code="a">Graduado en Medicina</subfield>
  </datafield>
  <datafield tag="540" ind1=" " ind2=" ">
    <subfield code="a">Derechos regulados por licencia Creative Commons</subfield>
  </datafield>
  <datafield tag="700" ind1=" " ind2=" ">
    <subfield code="a">Garza García, María Carmen</subfield>
    <subfield code="e">dir.</subfield>
  </datafield>
  <datafield tag="710" ind1="2" ind2=" ">
    <subfield code="a">Universidad de Zaragoza</subfield>
    <subfield code="b">Anatomía e Histología Humanas</subfield>
    <subfield code="c">Histología</subfield>
  </datafield>
  <datafield tag="856" ind1="0" ind2=" ">
    <subfield code="f">655328@celes.unizar.es</subfield>
  </datafield>
  <datafield tag="856" ind1="4" ind2=" ">
    <subfield code="s">5102176</subfield>
    <subfield code="u">http://zaguan.unizar.es/record/111501/files/TAZ-TFG-2019-1010.pdf</subfield>
    <subfield code="y">Memoria (spa)</subfield>
  </datafield>
  <datafield tag="909" ind1="C" ind2="O">
    <subfield code="o">oai:zaguan.unizar.es:111501</subfield>
    <subfield code="p">driver</subfield>
    <subfield code="p">trabajos-fin-grado</subfield>
  </datafield>
  <datafield tag="950" ind1=" " ind2=" ">
    <subfield code="a"></subfield>
  </datafield>
  <datafield tag="980" ind1=" " ind2=" ">
    <subfield code="a">TAZ</subfield>
    <subfield code="b">TFG</subfield>
    <subfield code="c">MED</subfield>
  </datafield>
  <datafield tag="999" ind1=" " ind2=" ">
    <subfield code="a">20190603091115.CREATION_DATE</subfield>
  </datafield>
  <datafield tag="951" ind1=" " ind2=" ">
    <subfield code="a">deposita:2022-03-09</subfield>
  </datafield>
</record>
</collection>